000 00435nam a22001817a 4500
003 CEME
005 20210628204032.0
008 210113b xxu||||| |||| 00| 0 eng d
020 _a9693523172
040 _cceme
082 _a891.4391 QAS
100 _aQasmi, Ahmad Nadeem
_93596
245 _aLoh-e-khaak
260 _aLAHORE
_bSANG-E-MEEL PUB
_c2012
300 _a223P
650 _aURDU ADAB-POETRY.
_928226
942 _cBK
_2ddc
999 _c575960
_d575960